000 00342 a2200157 4500
001 71598
020 _a
040 _cAnchieta - Colégio São Paulo
100 _aGouveia, Luis Augusto
240 1 0 _aSonhos de Ícaro
_lpor
245 1 0 _aSonhos de Ícaro
300 _a32
362 0 _a2001
650 4 _aLiteratura infantil
942 _cBK
999 _c71598
_d71598